Normal view MARC view
  • Correa Álvarez, Yojan Adrián

Entry Nombre Personal

Number of records used in: 1

001 - NUMERO DE CONTROL

  • campo de control: 57881

003 - IDENTIFICADOR DE NUMERO DE CONTROL

  • campo de control: MX-MxUPN

005 - FECHA Y HORA DE LA ÜLTIMA TRANSACCIÓN

  • campo de control: 20250918140013.0

008 - DATOS DE LONGITUD FIJA

  • campo de control de longitud fija: 250918nn acnnnaabn n aaa d

024 7# - OTROS IDENTIFICADORES NORMALIZADOS

  • Fuente: orcid
  • Número normalizado o código: https://orcid.org/0000-0003-2247-8972

040 ## - FUENTE DE CATALOGACIÓN

  • Agencia original de catalogación: MX-MxUPN
  • Lenguaje de catalogación: spa

100 1# - ENCABEZAMIENTO - NOMBRE PERSONAL

  • Nombre personal: Correa Álvarez, Yojan Adrián

370 ## - LUGAR ASOCIADO

  • Associated country: Colombia

371 ## - DIRECCIÓN

  • Electronic mail address: yojan.correaal@gmail.com

372 ## - CAMPO DE ACTIVIDAD

  • Field of activity: Psicología clínica y salud mental

373 ## - GRUPO ASOCIADO

  • Associated group: Universidad Pontificia Bolivariana

374 ## - OCUPACIÓN

  • Occupation: Psicólogo

377 ## - LENGUA ASOCIADA

  • Language code: spa

670 ## - FUENTE EN LA QUE SE LOCALIZARON DATOS

  • Cita de la fuente: En recurso en línea: Poiesis, No. 46, (2024)
  • Información localizada: (Yojan Adrián Correa Álvarez)
  • Uniform Resource Identifier: https://revistas.ucatolicaluisamigo.edu.co/index.php/poiesis/article/view/4772/4326

902 ## - CATALOGADOR

  • Catalogador: Leonor Sotres/180925